000 00661nam a2200157 a 4500
008 070927s2007 ||||||||||||||||| || u
050 _aNEWSPAPER
110 _aZambia Daily Mail Newspapers
245 1 0 _aUNZA job opportunities (Library Dept. & Directorate of distance education
260 _aLusaka
_bZamia Daily Mail
_c2007
300 _app.2, top right corner
350 _a0.00
650 _aMANAGEMENT INFORMATION SYSTEMS
650 _aUNIVERSITIES AND COLLEGES--ZAMBIA--CONDITIONS OF SERVICE
995 _D0.00
_FCBU-MAIN LIBRARY (Kitwe)
_H1
_I0.00
_M1
_UAVAILABLE
_WSep 27, 2007
_ZUniversity Collection
999 _c60946
_d60946